Województwa historycznego Śląska - Statystyki

Ogólne statystyki
  • Ten quiz został rozwiązany 21 razy
  • Średni wynik to 5 z 5
Statystyki odpowiedzi
Województwo % % Poprawnych
dolnośląskie 84.8%
95%
opolskie 98.5%
95%
śląskie 51.1%
95%
lubuskie 41.1%
85%
wielkopolskie 1.7%
85%
Nie znaleziono quizów pasujących do podanych kryteriów
Rozkład punktacji
Procent ludzi z każdym wynikiem
Percentyl według liczby udzielonych odpowiedzi
Twoja historia wyników
Nie rozwiązałeś tego quizu